Normal view
MARC view
- التجارة- اعمال المكاتب- الكتابة- كتابة الرسائل التجارية
Entry Topical Term
001 - CONTROL NUMBER
- control field: 39674
003 - CONTROL NUMBER IDENTIFIER
- control field: JO-AjAnu
005 - DATE AND TIME OF LATEST TRANSACTION
- control field: 20230606080609.0
008 - FIXED-LENGTH DATA ELEMENTS
- fixed length control field: 230606|| aca||aabn | a|a d
040 ## - CATALOGING SOURCE
- Original cataloging agency: JO-AjAnu
- Transcribing agency: JO-AjAnu
150 ## - HEADING--TOPICAL TERM
- Topical term or geographic name entry element: التجارة- اعمال المكاتب- الكتابة- كتابة الرسائل التجارية
670 ## - SOURCE DATA FOUND
- Source citation: Work cat.: (JO-AjAnu)20343: اعداد البرغوثي، بشير شريف, author 39673, فن كتابة الرسائل التجارية